Normal view
MARC view
Entry Personal Name
001 - CONTROL NUMBER
- control field: 13594
003 - CONTROL NUMBER IDENTIFIER
- control field: BD-RjUL
005 - DATE AND TIME OF LATEST TRANSACTION
- control field: 20240925114020.0
008 - FIXED-LENGTH DATA ELEMENTS
- fixed length control field: 240925|| aca||aabn | a|a d
040 ## - CATALOGING SOURCE
- Original cataloging agency: BD-RjUL
- Transcribing agency: BD-RjUL
100 ## - HEADING--PERSONAL NAME
- Personal name: Inshaʼ, Inshaʼallāh K̲h̲ān̲,
- Dates associated with a name: 1756-1817
670 ## - SOURCE DATA FOUND
- Source citation: Work cat.: (BD-RjUL)84035: Inshaʼ, Inshaʼallāh K̲h̲ān̲, 1756-1817., درىائے لطافت / Daryāʼe lat̤āfat /, 1962